000 00556nam a2200205Ia 4500
008 180523s9999 xx 000 0 und d
020 _a81-261-1653-6
050 _aMAIN HF 5549
050 _b.P47 2003
245 0 _aPersonnel management and industrial relations /
245 0 _cedited by Asit K. Ghosh, Prem Kumar.
260 _aNew Delhi :
260 _bAnmol Publications,
260 _c2003
300 _a312 pages :
300 _c21 cm.
500 _aIncludes index.
650 _aPersonnel management.
650 _xIndustrial relations.
999 _c357151
_d357151